Fr. Conceicao Rodrigues College of Engineering

Artificial intelligence (Record no. 27640)

MARC details
000 -LEADER
fixed length control field 00318nam a2200145Ia 4500
082 ## - DEWEY DECIMAL CLASSIFICATION NUMBER
Classification number 6.3
Item number WIN
100 ## - MAIN ENTRY--PERSONAL NAME
Personal name Winston/Patrick Henry
250 ## - EDITION STATEMENT
Edition statement 3
245 ## - TITLE STATEMENT
Title Artificial intelligence
260 ## - PUBLICATION, DISTRIBUTION, ETC.
Name of publisher, distributor, etc. Pearson Education
Place of publication, distribution, etc. New Delhi
Date of publication, distribution, etc. 2004
300 ## - PHYSICAL DESCRIPTION
Extent 737
546 ## - LANGUAGE NOTE
Language note ENGLISH
654 ## - SUBJECT ADDED ENTRY--FACETED TOPICAL TERMS
Focus term artificial
942 ## - ADDED ENTRY ELEMENTS (KOHA)
Koha item type BOOK
Holdings
Withdrawn status Lost status Damaged status Not for loan Collection Home library Current library Date acquired Total Checkouts Full call number Barcode Date last seen Price effective from Koha item type
        CRC Fr. Agnel's C.Rodrigues College of Engineering Fr. Agnel's C.Rodrigues College of Engineering 17/03/2023   6.3 WIN 14668 17/03/2023 17/03/2023 BOOK
        CRC Fr. Agnel's C.Rodrigues College of Engineering Fr. Agnel's C.Rodrigues College of Engineering 17/03/2023   6.3 WIN 14669 17/03/2023 17/03/2023 BOOK